LEADER 00932nam0 2200253 4500 001 000029204 005 20121025151433.0 010 $a978-88-214-2999-6 100 $a20121025d2008----km-y0itay50------ba 101 0 $aita 102 $aIT 105 $ay-------001yy 200 1 $aEndocrinologia e attivitą motorie$fAndrea Lenzi ... [et al.]$gcoordinamento scientifico: Francesco Orio, Pierpaolo De Feo 210 $aMilano$cElsevier Masson$d[2008] 215 $aXVIII, 270 p.$cill.$d27 cm 500 10$aEndocrinologia e attivitą motorie$957796 610 1 $aLavoro muscolare$aAzione sulle ghiandole endocrine 676 $a612.4$v21$9Fisiologia umana. Secrezioni, escrezioni, funzioni connesse 702 1$aLenzi,$bAndrea$f<1953- > 801 0$aIT$bUNIPARTHENOPE$c20121025$gRICA$2UNIMARC 912 $a000029204 951 $aP1 612-E/1$b44241$cPIST$d2012 996 $aEndocrinologia e attivitą motorie$957796 997 $aUNIPARTHENOPE